[Event "Bremen-ch op"]
[Site "Bremen"]
[Date "2018.03.31"]
[Round "9"]
[White "Kropp, Joachim"]
[Black "Hoffer, Hayo"]
[Result "1-0"]
[WhiteElo "1859"]
[BlackElo "1743"]
[PlyCount "91"]
[EventDate "2018.03.24"]
[EventType "swiss"]
[EventRounds "9"]
[EventCountry "GER"]
[SourceTitle "EXT 2019"]
[Source "ChessBase"]
[SourceDate "2018.10.10"]
[SourceVersion "1"]
[SourceVersionDate "2018.10.10"]
[SourceQuality "1"]

1. d4 Nf6 2. c4 e6 3. Nc3 d5 4. Bg5 Be7 5. e3 0-0 6. Nf3 Nbd7 7. Rc1 Re8 8. a3 dxc4 9. Bxc4 a6 10. 0-0 b5 11. Ba2 Bb7 12. Bb1 Qc8 13. Qc2 c5 14. Ne5 g6 15. Rfd1 b4 16. Bxf6 Bxf6 17. Nxd7 Qxd7 18. dxc5 Qc6 19. Ne4 Be7 20. f3 bxa3 21. bxa3 Red8 22. Rxd8+ Rxd8 23. Rd1 Rxd1+ 24. Qxd1 Kf8 25. Nd6 Bxd6 26. Qxd6+ Ke8 27. Qb8+ Qc8 28. Qxc8+ Bxc8 29. c6 Ke7 30. Bc2 Kd6 31. Ba4 Kc5 32. Kf2 Kc4 33. e4 e5 34. Ke3 g5 35. g3 f6 36. f4 Kc3 37. f5 Kb2 38. c7 Kxa3 39. Be8 Kb4 40. Bf7 a5 41. Be6 Bb7 42. c8Q Bxc8 43. Bxc8 a4 44. Kd3 Kb3 45. Be6+ Kb2 46. Kc4 1-0

[Event "Bremen-ch op"]
[Site "Bremen"]
[Date "2018.03.28"]
[Round "6"]
[White "Hoffer, Hayo"]
[Black "Giss, Alexander"]
[Result "1-0"]
[WhiteElo "1743"]
[BlackElo "1156"]
[PlyCount "51"]
[EventDate "2018.03.24"]
[EventType "swiss"]
[EventRounds "9"]
[EventCountry "GER"]
[SourceTitle "EXT 2019"]
[Source "ChessBase"]
[SourceDate "2018.10.10"]
[SourceVersion "1"]
[SourceVersionDate "2018.10.10"]
[SourceQuality "1"]

1. d4 f5 2. Bg5 Nf6 3. Bxf6 exf6 4. c4 d5 5. e3 Be6 6. Qb3 b6 7. Nc3 c6 8. cxd5 Bxd5 9. Nxd5 Qxd5 10. Qxd5 cxd5 11. Bb5+ Kf7 12. Rc1 Bb4+ 13. Ke2 a6 14. Bd3 g6 15. Nh3 Ke7 16. Rc7+ Kd8 17. Rhc1 Nd7 18. R1c6 Ba5 19. Bxa6 Nb8 20. Rc8+ Kd7 21. R6c7+ Kd6 22. Rxh8 Kxc7 23. Rxh7+ Kd6 24. Bb5 Nc6 25. a3 Na7 26. Rd7+ 1-0

[Event "Bremen Silvester op"]
[Site "Bremen"]
[Date "2017.12.29"]
[Round "5"]
[White "Hoffer, Hayo"]
[Black "Jung, Gerald"]
[Result "0-1"]
[WhiteElo "1788"]
[BlackElo "1897"]
[PlyCount "66"]
[EventDate "2017.12.27"]
[EventType "swiss"]
[EventRounds "7"]
[EventCountry "GER"]
[SourceTitle "CBM 182 Extra"]
[Source "ChessBase"]
[SourceDate "2018.02.23"]
[SourceVersion "1"]
[SourceVersionDate "2018.02.23"]
[SourceQuality "1"]

1. d4 Nf6 2. Nf3 g6 3. c4 Bg7 4. Nc3 0-0 5. e3 d6 6. Be2 c6 7. 0-0 Qe8 8. Qc2 e5 9. b3 e4 10. Nd2 Bf5 11. a4 a5 12. Ba3 Qe6 13. Rfd1 Rc8 14. Rac1 Nbd7 15. Nf1 c5 16. d5 Qe7 17. h3 h5 18. Ng3 h4 19. Nxf5 gxf5 20. Nb5 Bh6 21. Qd2 Kh7 22. Kh1 Rg8 23. Rg1 Ne5 24. Bb2 Nfd7 25. Rce1 Qg5 26. Nxd6 Ra6 27. Nxb7 Rag6 28. Qc1 f4 29. exf4 Qf5 30. Bxe5 Nxe5 31. Nxc5 Bxf4 32. Qb1 Rxg2 33. Rxg2 Qxh3+ 0-1

[Event "Bremen Silvester op"]
[Site "Bremen"]
[Date "2017.12.28"]
[Round "3"]
[White "Hoffer, Hayo"]
[Black "Colbow, Collin"]
[Result "0-1"]
[WhiteElo "1788"]
[BlackElo "2008"]
[PlyCount "78"]
[EventDate "2017.12.27"]
[EventType "swiss"]
[EventRounds "7"]
[EventCountry "GER"]
[SourceTitle "CBM 182 Extra"]
[Source "ChessBase"]
[SourceDate "2018.02.23"]
[SourceVersion "1"]
[SourceVersionDate "2018.02.23"]
[SourceQuality "1"]

1. d4 Nf6 2. Nf3 e6 3. c4 Bb4+ 4. Bd2 Qe7 5. a3 Bxd2+ 6. Nbxd2 d6 7. e3 e5 8. dxe5 dxe5 9. e4 0-0 10. Be2 Rd8 11. Qc2 Nc6 12. 0-0 Bg4 13. Rfe1 Bxf3 14. Nxf3 Nd4 15. Nxd4 Rxd4 16. f3 Rad8 17. Rad1 Nh5 18. g3 g6 19. Rxd4 Rxd4 20. Rd1 Qd7 21. Rxd4 Qxd4+ 22. Kg2 Ng7 23. Qd3 Ne6 24. b4 b6 25. Qxd4 Nxd4 26. Bd3 Kf8 27. Kf2 Ke7 28. Ke3 Kd6 29. f4 f6 30. f5 g5 31. g4 a5 32. Bb1 axb4 33. axb4 Nc6 34. b5 Nd4 35. Bd3 Kc5 36. Bf1 Kb4 37. h3 Nc2+ 38. Kf3 Na3 39. h4 h6 0-1

[Event "Bremen-ch op"]
[Site "Bremen"]
[Date "2016.03.26"]
[Round "9"]
[White "Hoffer, Hayo"]
[Black "Holtermann, Klaas"]
[Result "1/2-1/2"]
[WhiteElo "1847"]
[BlackElo "1714"]
[PlyCount "33"]
[EventDate "2016.03.19"]
[EventType "swiss"]
[EventRounds "9"]
[EventCountry "GER"]
[SourceTitle "EXT 2018"]
[Source "ChessBase"]
[SourceDate "2017.10.13"]
[SourceVersion "1"]
[SourceVersionDate "2017.10.13"]
[SourceQuality "1"]

1. d4 Nf6 2. Nf3 d5 3. c4 g6 4. Nc3 Bg7 5. Bg5 c6 6. e3 Nbd7 7. Be2 0-0 8. 0-0 dxc4 9. Bxc4 h6 10. Bh4 g5 11. Bg3 Nh5 12. Be5 Nxe5 13. Nxe5 Bxe5 14. Qxh5 Bg7 15. f4 e6 16. Rad1 f5 17. Kh1 1/2-1/2

[Event "Bremen-ch op"]
[Site "Bremen"]
[Date "2016.03.21"]
[Round "4"]
[White "Weinitschke, Harald"]
[Black "Hoffer, Hayo"]
[Result "1-0"]
[WhiteElo "1687"]
[BlackElo "1847"]
[PlyCount "103"]
[EventDate "2016.03.19"]
[EventType "swiss"]
[EventRounds "9"]
[EventCountry "GER"]
[SourceTitle "EXT 2018"]
[Source "ChessBase"]
[SourceDate "2017.10.13"]
[SourceVersion "1"]
[SourceVersionDate "2017.10.13"]
[SourceQuality "1"]

1. Nf3 d5 2. d4 Nf6 3. c4 e6 4. g3 Be7 5. b3 0-0 6. Bg2 b6 7. 0-0 Bb7 8. Bb2 dxc4 9. bxc4 Nbd7 10. Nbd2 c5 11. e3 cxd4 12. Nxd4 Bxg2 13. Kxg2 Rc8 14. Rc1 Nc5 15. N2b3 Qd7 16. Nxc5 Bxc5 17. Nb3 Qb7+ 18. Qf3 Qxf3+ 19. Kxf3 Be7 20. Rfd1 Rfd8 21. Bd4 Ba3 22. Bxf6 gxf6 23. Rxd8+ Rxd8 24. Rc2 e5 25. Ke4 Kf8 26. Rd2 Rxd2 27. Nxd2 Bb4 28. Nb3 Ke7 29. Kd5 Kd7 30. a4 Be1 31. f3 Bf2 32. e4 h5 33. f4 exf4 34. gxf4 h4 35. h3 Bg3 36. f5 Bd6 37. a5 bxa5 38. Nxa5 Bc7 39. Nb3 a5 40. Nc5+ Kc8 41. Kc6 Bd8 42. Kb5 Kc7 43. Nb3 Kd6 44. Nxa5 Be7 45. Nb7+ Ke5 46. Nc5 Kf4 47. Ne6+ fxe6 48. fxe6 Bd8 49. Kc6 f5 50. exf5 Kxf5 51. Kd7 Kf6 52. c5 1-0

[Event "Bremen-ch op"]
[Site "Bremen"]
[Date "2016.03.19"]
[Round "1"]
[White "Hoffer, Hayo"]
[Black "Jugelt, Tobias"]
[Result "0-1"]
[WhiteElo "1847"]
[BlackElo "2427"]
[PlyCount "40"]
[EventDate "2016.03.19"]
[EventType "swiss"]
[EventRounds "9"]
[EventCountry "GER"]
[SourceTitle "EXT 2018"]
[Source "ChessBase"]
[SourceDate "2017.10.13"]
[SourceVersion "1"]
[SourceVersionDate "2017.10.13"]
[SourceQuality "1"]

1. d4 d5 2. Nf3 Nf6 3. Bf4 e6 4. Nbd2 c5 5. c3 Nc6 6. e3 Bd6 7. Bxd6 Qxd6 8. Bd3 0-0 9. Qe2 e5 10. dxe5 Nxe5 11. Nxe5 Qxe5 12. Nf3 Qe7 13. 0-0 Bg4 14. h3 Bh5 15. Rad1 Ne4 16. Bc2 Rad8 17. Rfe1 Ng5 18. Qd3 Bxf3 19. gxf3 Nxf3+ 20. Kf1 Qh4 0-1

[Event "Bremen-ch op"]
[Site "Bremen"]
[Date "2015.04.02"]
[Round "7"]
[White "Wessels, Stefan"]
[Black "Hoffer, Hayo"]
[Result "1-0"]
[WhiteElo "1938"]
[BlackElo "1857"]
[PlyCount "59"]
[EventDate "2015.03.28"]
[EventType "swiss"]
[EventRounds "9"]
[EventCountry "GER"]
[SourceTitle "EXT 2018"]
[Source "ChessBase"]
[SourceDate "2017.10.13"]
[SourceVersion "1"]
[SourceVersionDate "2017.10.13"]
[SourceQuality "1"]

1. e4 e6 2. d4 d5 3. exd5 exd5 4. Bf4 Bd6 5. Bxd6 Qxd6 6. c3 Bf5 7. Nf3 Nd7 8. Be2 Ngf6 9. Nbd2 h6 10. 0-0 0-0 11. Re1 Rfe8 12. Nb3 c6 13. Nc1 Re7 14. Nd3 Rae8 15. Nfe5 Bxd3 16. Nxd3 Ne4 17. Bf3 Ng5 18. Be2 Nf6 19. Ne5 Nd7 20. f4 Ne4 21. Bd3 f5 22. Qb3 Nf8 23. Bxe4 fxe4 24. Rxe4 Kh8 25. Nf7+ Rxf7 26. Rxe8 Qxf4 27. Qc2 g5 28. Qe2 Kh7 29. Rf1 Qc7 30. Rxf8 1-0

[Event "Bremen-ch op"]
[Site "Bremen"]
[Date "2015.03.29"]
[Round "2"]
[White "Hoffer, Hayo"]
[Black "Fasmers, Ralf"]
[Result "1-0"]
[WhiteElo "1857"]
[BlackElo "1787"]
[PlyCount "61"]
[EventDate "2015.03.28"]
[EventType "swiss"]
[EventRounds "9"]
[EventCountry "GER"]
[SourceTitle "EXT 2018"]
[Source "ChessBase"]
[SourceDate "2017.10.13"]
[SourceVersion "1"]
[SourceVersionDate "2017.10.13"]
[SourceQuality "1"]

1. d4 e6 2. Nf3 d5 3. c3 Nf6 4. Bg5 Be7 5. Nbd2 Nbd7 6. e3 0-0 7. Bd3 b6 8. 0-0 c5 9. Qe2 cxd4 10. exd4 Re8 11. Ne5 Nxe5 12. dxe5 Nd7 13. Bxe7 Qxe7 14. Rad1 Bb7 15. Qh5 g6 16. Qh3 a5 17. f4 Ba6 18. Bxa6 Rxa6 19. Nf3 Kg7 20. Nd4 Nc5 21. g4 Ne4 22. f5 Ng5 23. f6+ Kg8 24. Qh6 Nh3+ 25. Qxh3 Qf8 26. Qh4 h6 27. Rd3 Rc8 28. Rh3 Kh7 29. Nf3 Qc5+ 30. Kh1 Qb5 31. Qxh6+ 1-0

[Event "Bremen-ch op"]
[Site "Bremen"]
[Date "2014.04.17"]
[Round "7"]
[White "Hoffer, Hayo"]
[Black "Scheibler, Miguel"]
[Result "1/2-1/2"]
[WhiteElo "1857"]
[BlackElo "1387"]
[PlyCount "42"]
[EventDate "2014.04.14"]
[EventType "swiss"]
[EventRounds "9"]
[EventCountry "GER"]
[SourceTitle "EXT 2018"]
[Source "ChessBase"]
[SourceDate "2017.10.13"]
[SourceVersion "1"]
[SourceVersionDate "2017.10.13"]
[SourceQuality "1"]

1. d4 e6 2. Nf3 d5 3. Bf4 c5 4. e3 Qb6 5. b3 Nc6 6. c3 Nf6 7. Nbd2 cxd4 8. cxd4 Bb4 9. Bd3 Bc3 10. Rc1 Bb2 11. Rb1 Nb4 12. Ne5 Nxd3+ 13. Nxd3 Bc3 14. 0-0 Bxd2 15. Qxd2 Nh5 16. Rbc1 Nxf4 17. Nxf4 Bd7 18. Rc3 0-0 19. Rfc1 Rac8 20. Nd3 Rxc3 21. Qxc3 Bc6 1/2-1/2

[Event "Bremen-ch op"]
[Site "Bremen"]
[Date "2014.04.16"]
[Round "6"]
[White "Westphal, Klaus"]
[Black "Hoffer, Hayo"]
[Result "1/2-1/2"]
[WhiteElo "1456"]
[BlackElo "1857"]
[PlyCount "100"]
[EventDate "2014.04.14"]
[EventType "swiss"]
[EventRounds "9"]
[EventCountry "GER"]
[SourceTitle "EXT 2018"]
[Source "ChessBase"]
[SourceDate "2017.10.13"]
[SourceVersion "1"]
[SourceVersionDate "2017.10.13"]
[SourceQuality "1"]

1. e4 e6 2. Nc3 d5 3. exd5 exd5 4. d4 Nf6 5. a3 Bd6 6. Nf3 0-0 7. Be2 Bf5 8. 0-0 Nbd7 9. Bg5 c6 10. Bd3 Bxd3 11. Qxd3 Qc7 12. g3 Rfe8 13. Rfe1 h6 14. Bxf6 Nxf6 15. Rxe8+ Rxe8 16. Re1 Rxe1+ 17. Nxe1 Qe7 18. Qe2 Kf8 19. Qxe7+ Kxe7 20. Nd3 Ke6 21. f3 Nd7 22. Ne2 g5 23. Kg2 Nb6 24. Kf2 Nc4 25. a4 a6 26. b4 b6 27. c3 a5 28. bxa5 Nxa5 29. h3 Nc4 30. Nec1 Ba3 31. Na2 Kd6 32. Ke2 Nb2 33. Nxb2 Bxb2 34. Kd3 Kc7 35. Kc2 Ba3 36. g4 Bd6 37. Nb4 Be7 38. Kd3 Kd6 39. c4 dxc4+ 40. Kxc4 Bf8 41. Nd3 f6 42. d5 cxd5+ 43. Kd4 Bg7 44. Kc3 f5+ 45. Kb4 fxg4 46. fxg4 Kc6 47. Kb3 Bd4 48. Nb4+ Kd6 49. Nd3 Bc5 50. Kc3 Be3 1/2-1/2

[Event "Bremen-ch op"]
[Site "Bremen"]
[Date "2012.03.31"]
[Round "1"]
[White "Hoffer, Hayo"]
[Black "Pienski, Olaf"]
[Result "0-1"]
[WhiteElo "1828"]
[BlackElo "2104"]
[PlyCount "177"]
[EventDate "2012.03.31"]
[EventType "swiss"]
[EventRounds "9"]
[EventCountry "GER"]
[SourceTitle "EXT 2022"]
[Source "ChessBase"]
[SourceDate "2021.10.06"]
[SourceVersion "1"]
[SourceVersionDate "2021.10.06"]
[SourceQuality "1"]

1. d4 e6 2. Nf3 Nf6 3. e3 b6 4. Bd3 Bb7 5. c4 c5 6. 0-0 Be7 7. Nc3 0-0 8. Re1 d6 9. dxc5 bxc5 10. e4 Nbd7 11. b3 Qc7 12. Bb2 Rfe8 13. Qe2 Bf8 14. Rad1 Bc6 15. Bc2 Rad8 16. Qd3 Ne5 17. Nxe5 dxe5 18. Qg3 Nh5 19. Qg4 g6 20. Bc1 Qa5 21. Qh3 Nf4 22. Qg3 Rxd1 23. Bxd1 Rd8 24. Bc2 Rd4 25. Kf1 Bh6 26. a4 Nh5 27. Qh3 Bd2 28. Bxd2 Rxd2 29. Rc1 Nf4 30. Qe3 Rd4 31. Rd1 Qd8 32. g3 Nh5 33. Ke1 Nf6 34. f3 Qd6 35. Ne2 Rxd1+ 36. Bxd1 Nd7 37. Qd2 Qxd2+ 38. Kxd2 f5 39. Ke3 Kf7 40. Nc3 Nb8 41. h4 h6 42. Na2 a5 43. Nc3 Be8 44. Nb5 Ke7 45. Bc2 Nc6 46. Bd1 Nd4 47. f4 Kf6 48. fxe5+ Kxe5 49. exf5 Nxf5+ 50. Kf2 Bc6 51. Bc2 Be4 52. Bd1 Bd3 53. Kf3 Be4+ 54. Kf2 Bb1 55. Nc3 Bd3 56. Nb5 g5 57. hxg5 hxg5 58. g4 Nd4 59. Ke3 Bg6 60. Na3 Be8 61. Nb5 Bd7 62. Nc3 Bc6 63. Nb5 Be4 64. Nc3 Bb7 65. Nb5 Bh1 66. Nc3 Nc6 67. Nb5 Kf6 68. Nd6 Nd4 69. Nb5 e5 70. Nc3 Ke6 71. Ne4 Bxe4 72. Kxe4 Nc6 73. Bc2 Ne7 74. Bd1 Ng8 75. Be2 Nf6+ 76. Ke3 e4 77. Bd1 Ke5 78. Be2 Ne8 79. Bd1 Nf6 80. Be2 Ne8 81. Bd1 Nf6 82. Be2 Ng8 83. Bd1 Ne7 84. Bc2 Nc6 85. Bxe4 Nd4 86. Bd3 Nxb3 87. Bc2 Nd4 88. Bd3 Nc6 89. Be4 0-1

[Event "Bremen-ch op"]
[Site "Delmenhorst"]
[Date "2011.04.23"]
[Round "6"]
[White "Bergmann, Reinhold"]
[Black "Hoffer, Hayo"]
[Result "0-1"]
[WhiteElo "1918"]
[BlackElo "1593"]
[PlyCount "85"]
[EventDate "2011.04.16"]
[EventType "swiss"]
[EventRounds "9"]
[EventCountry "GER"]
[SourceTitle "EXT 2012"]
[Source "ChessBase"]
[SourceDate "2011.11.24"]
[SourceVersion "1"]
[SourceVersionDate "2011.11.24"]
[SourceQuality "1"]

1. e4 e6 2. d4 d5 3. e5 c5 4. c3 Nc6 5. Nf3 cxd4 6. cxd4 Bb4+ 7. Nc3 Nge7 8. a3 Bxc3+ 9. bxc3 0-0 10. Bd3 Nf5 11. 0-0 Bd7 12. Kh1 Rc8 13. Rb1 b6 14. g4 Nfe7 15. Qc2 h6 16. g5 h5 17. Nh4 Nxd4 18. Qd2 Ndf5 19. Nxf5 Nxf5 20. Bxf5 exf5 21. Rb4 Qc7 22. g6 Qxc3 23. gxf7+ Rxf7 24. Qg5 Qxe5 25. Qxh5 Rc4 26. Bb2 Qe4+ 27. f3 Qe2 28. Rg1 Rxb4 29. Bxg7 Rxg7 30. Rxg7+ Kxg7 31. Qg5+ Kf7 32. Qh5+ Ke7 33. Qg5+ Kd6 34. Qg6+ Qe6 35. Qxe6+ Kxe6 36. axb4 Ke5 37. Kg2 Kf4 38. h4 d4 39. Kf2 Bc6 40. h5 Kg5 41. h6 Kxh6 42. f4 Kh5 43. Ke2 0-1

[Event "Bremen-ch op"]
[Site "Delmenhorst"]
[Date "2011.04.23"]
[Round "7"]
[White "Hoffer, Hayo"]
[Black "Ditmas, Hugh"]
[Result "0-1"]
[WhiteElo "1593"]
[BlackElo "1913"]
[PlyCount "58"]
[EventDate "2011.04.16"]
[EventType "swiss"]
[EventRounds "9"]
[EventCountry "GER"]
[SourceTitle "EXT 2012"]
[Source "ChessBase"]
[SourceDate "2011.11.24"]
[SourceVersion "1"]
[SourceVersionDate "2011.11.24"]
[SourceQuality "1"]

1. d4 Nf6 2. Nf3 e6 3. e3 b6 4. Bd3 Bb7 5. 0-0 c5 6. Re1 Nc6 7. c3 Be7 8. e4 cxd4 9. cxd4 Nb4 10. e5 Nxd3 11. Qxd3 Nd5 12. a3 0-0 13. Nbd2 f5 14. Nf1 g5 15. Re2 g4 16. Ne1 Bg5 17. Bxg5 Qxg5 18. Rc2 Rac8 19. Ne3 Rxc2 20. N1xc2 Rc8 21. Nxd5 Bxd5 22. Ne3 Be4 23. Qb5 Rc7 24. Rd1 f4 25. Nc4 g3 26. fxg3 fxg3 27. h3 Rxc4 28. Qxc4 Qe3+ 29. Kh1 Bxg2+ 0-1